Most expensive football transfers - Born in 1999 - Statistics

General Stats
  • This quiz has been taken 21 times
  • The average score is 9 of 10
Answer Stats
Fee (M €) Season Nationality Left Joined Player % Correct
85,00 2022-2023 Uruguay Benfica Liverpool Darwin Núñez
95%
116,60 2023-2024 England West Ham Arsenal Declan Rice
95%
127,20 2019-2020 Portugal Benfica Atlético Madrid João Félix
95%
70,00 2022-2023 Sweden Real Sociedad Newcastle Alexander Isak
90%
80,00 2020-2021 Germany Bayer Leverkusen Chelsea Kai Havertz
90%
75,00 2023-2024 Germany Chelsea Arsenal Kai Havertz
90%
64,20 2023-2024 England Chelsea Manchester United Mason Mount
90%
85,50 2019-2020 Netherlands Ajax Juventus Matthijs de Ligt
90%
67,00 2022-2023 Netherlands Juventus Bayern Munich Matthijs de Ligt
90%
55,00 2023-2024 France Bayer Leverkusen Aston Villa Moussa Diaby
75%
No matching quizzes found
Score Distribution
Percent of People with Each Score
Percentile by Number Answered
Your Score History
You have not taken this quiz